ARRUPE JESUIT UNIVERSITY

CORONAVIRUS -STOP THE SPREAD - CLEAN,DISINFECT,COVER

Disraeli; (Record no. 131825)

MARC details
000 -LEADER
fixed length control field 00796nam a22002177a 4500
008 - FIXED-LENGTH DATA ELEMENTS--GENERAL INFORMATION
fixed length control field 240306b |||||||| |||| 00| 0 eng d
020 ## - INTERNATIONAL STANDARD BOOK NUMBER
International Standard Book Number 0521381509.
050 ## - LIBRARY OF CONGRESS CALL NUMBER
Classification number DA564. B3 S651996.
100 ## - MAIN ENTRY--PERSONAL NAME
Personal name Smith , Paul
9 (RLIN) 52514
245 ## - TITLE STATEMENT
Title Disraeli;
Remainder of title a brief life,
Statement of responsibility, etc Paul Smith.
260 ## - PUBLICATION, DISTRIBUTION, ETC. (IMPRINT)
Place of publication, distribution, etc New York:
Name of publisher, distributor, etc Cambridge University Press,
Date of publication, distribution, etc 1996.
300 ## - PHYSICAL DESCRIPTION
Extent x;
Other physical details 246p,
Dimensions 24cm.
600 ## - SUBJECT ADDED ENTRY--PERSONAL NAME
Personal name Disraeli, Benjamin, earl of Beaconsfield,1804-1881.
9 (RLIN) 52515
600 ## - SUBJECT ADDED ENTRY--PERSONAL NAME
Personal name Victoria 1837-1901
9 (RLIN) 52516
650 ## - SUBJECT ADDED ENTRY--TOPICAL TERM
Topical term or geographic name as entry element Conservative party[Great Britain];
Form subdivision Biography
9 (RLIN) 52517
650 ## - SUBJECT ADDED ENTRY--TOPICAL TERM
Form subdivision history
Geographic subdivision Great Britain.
9 (RLIN) 6071
650 ## - SUBJECT ADDED ENTRY--TOPICAL TERM
Form subdivision Biography
General subdivision Primeminister,
Geographic subdivision Great Britain,
9 (RLIN) 52518
650 ## - SUBJECT ADDED ENTRY--TOPICAL TERM
Topical term or geographic name as entry element Jews,
Form subdivision biography,
Geographic subdivision Great Britain
9 (RLIN) 52519
650 ## - SUBJECT ADDED ENTRY--TOPICAL TERM
Topical term or geographic name as entry element Romanticism,
Geographic subdivision Great Britain.
9 (RLIN) 52520
942 ## - ADDED ENTRY ELEMENTS (KOHA)
Source of classification or shelving scheme Library of Congress Classification
Item type Monograph ( Printed materials)
Holdings
Withdrawn status Lost status Source of classification or shelving scheme Damaged status Not for loan Home library Current library Shelving location Date acquired Total Checkouts Full call number Barcode Date last seen Price effective from Koha item type
    Library of Congress Classification     ARRUPE LIBRARY ARRUPE LIBRARY Main Collection 06/03/2024   DA564. B3 S651996. 46600009179 06/03/2024 06/03/2024 Monograph ( Printed materials)

 

Arrupe Library. PO Box MP320 Mt Pleasant, Harare, Zimbabwe
263 242 745411|librarian@aju.ac.zw